[Event "Baku Chess Olympiad | Open"]
[Site "chess24.com"]
[Date "2016.09.06"]
[Round "5"]
[White "Shengelia, David"]
[Black "Wong, Brian"]
[Result "1-0"]
[Board "1"]
[WhiteID "13601270"]
[WhiteElo "2573"]
[WhiteTitle "GM"]
[WhiteCountry "AUT"]
[WhiteFideId "13601270"]
[WhiteEloChange "1"]
[BlackID "6001394"]
[BlackElo "2007"]
[BlackTitle "FM"]
[BlackCountry "HKG"]
[BlackFideId "6001394"]
[BlackEloChange "-2"]

1. d4 {[%clk 1:30:57]} Nf6 {[%clk 1:30:43]} 2. c4 {[%clk 1:31:12]} g6 {[%clk
1:30:59]} 3. g3 {[%clk 1:31:21]} Bg7 {[%clk 1:30:55]} 4. Bg2 {[%clk 1:31:45]} d5
{[%clk 1:29:51]} 5. cxd5 {[%clk 1:31:58]} Nxd5 {[%clk 1:29:28]} 6. e4 {[%clk
1:32:19]} Nb4 {[%clk 1:26:49]} 7. a3 {[%clk 1:27:10]} N4c6 {[%clk 1:26:14]} 8. d5
{[%clk 1:26:53]} Nd4 {[%clk 1:25:33]} 9. Nc3 {[%clk 1:26:41]} O-O {[%clk
1:24:21]} 10. Be3 {[%clk 1:22:03]} c5 {[%clk 1:21:50]} 11. Nge2 {[%clk 1:22:26]}
Bg4 {[%clk 1:18:09]} 12. h3 {[%clk 1:20:01]} Bf3 {[%clk 1:15:24]} 13. Bxf3 {[%clk
1:13:56]} Nxf3+ {[%clk 1:15:50]} 14. Kf1 {[%clk 1:14:23]} Nd7 {[%clk 1:14:18]}
15. Kg2 {[%clk 1:14:32]} Nfe5 {[%clk 1:13:27]} 16. b3 {[%clk 1:14:33]} c4 {[%clk
1:01:42]} 17. f4 {[%clk 1:13:31]} Nd3 {[%clk 1:02:05]} 18. bxc4 {[%clk 1:13:36]}
N7c5 {[%clk 0:59:52]} 19. Qc2 {[%clk 1:13:00]} b5 {[%clk 0:44:55]} 20. cxb5
{[%clk 1:06:09]} Rc8 {[%clk 0:41:44]} 21. e5 {[%clk 0:58:58]} f6 {[%clk 0:35:12]}
22. Rad1 {[%clk 0:54:00]} fxe5 {[%clk 0:34:20]} 23. Rxd3 {[%clk 0:54:05]} exf4
{[%clk 0:34:02]} 24. Bxc5 {[%clk 0:52:41]} f3+ {[%clk 0:32:31]} 25. Rxf3 {[%clk
0:49:28]} Rxf3 {[%clk 0:32:50]} 26. Kxf3 {[%clk 0:49:47]} Rxc5 {[%clk 0:33:11]}
27. Rd1 {[%clk 0:48:16]} Qc8 {[%clk 0:30:12]} 28. Qb3 {[%clk 0:39:41]} Bxc3
{[%clk 0:28:23]} 29. d6+ {[%clk 0:40:07]} Kg7 {[%clk 0:22:58]} 30. d7 {[%clk
0:40:32]} Qb7+ {[%clk 0:19:09]} 31. Kf2 {[%clk 0:39:17]} Qb6 {[%clk 0:13:28]} 32.
Kg2 {[%clk 0:33:29]} Qb7+ {[%clk 0:13:41]} 33. Kh2 {[%clk 0:30:04]} Qf3 {[%clk
0:12:34]} 34. Nf4 {[%clk 0:30:05]} Qf2+ {[%clk 0:02:44]} 35. Ng2 {[%clk 0:30:26]}
Ba5 {[%clk 0:03:06]} 36. d8Q {[%clk 0:29:57]} Bxd8 {[%clk 0:03:34]} 37. Rxd8
{[%clk 0:30:22]} Rc2 {[%clk 0:03:10]} 38. Qg8+ {[%clk 0:27:23]} Kh6 {[%clk
0:03:38]} 39. Qf8+ {[%clk 0:27:36]} Qxf8 {[%clk 0:03:59]} 40. Rxf8 {[%clk
0:58:02]} Ra2 {[%clk 0:31:08]} 41. Ra8 {[%clk 0:57:31]} Rxa3 {[%clk 0:30:45]} 42.
b6 {[%clk 0:54:39]} Rb3 {[%clk 0:31:07]} 43. bxa7 {[%clk 0:55:05]} Ra3 {[%clk
0:31:31]} 44. h4 {[%clk 0:55:31]} e5 {[%clk 0:31:21]} 45. Kh3 {[%clk 0:53:59]} e4
{[%clk 0:30:14]} 46. Kg4 {[%clk 0:54:02]} Kg7 {[%clk 0:28:16]} 47. Kf4 {[%clk
0:54:16]} Kh6 {[%clk 0:28:06]} 48. Ne3 {[%clk 0:54:26]} Kh5 {[%clk 0:28:18]} 49.
Kxe4 {[%clk 0:54:39]} h6 {[%clk 0:28:25]} 50. Kf3 {[%clk 0:54:32]} 1-0

[Event "Baku Chess Olympiad | Open"]
[Site "chess24.com"]
[Date "2016.09.06"]
[Round "5"]
[White "Matamoros Franco, Carlos S."]
[Black "Lodhi, Mahmood"]
[Result "1-0"]
[Board "1"]
[WhiteID "3600017"]
[WhiteElo "2488"]
[WhiteTitle "GM"]
[WhiteCountry "ECU"]
[WhiteFideId "3600017"]
[WhiteEloChange "3"]
[BlackID "7800010"]
[BlackElo "2334"]
[BlackTitle "IM"]
[BlackCountry "PAK"]
[BlackFideId "7800010"]
[BlackEloChange "-6"]

1. Nf3 {[%clk 1:30:56]} Nf6 {[%clk 1:30:46]} 2. c4 {[%clk 1:31:19]} g6 {[%clk
1:31:06]} 3. g3 {[%clk 1:31:45]} Bg7 {[%clk 1:31:31]} 4. Bg2 {[%clk 1:32:11]} O-O
{[%clk 1:31:50]} 5. O-O {[%clk 1:32:32]} d6 {[%clk 1:31:54]} 6. d4 {[%clk
1:32:55]} Nc6 {[%clk 1:31:47]} 7. Nc3 {[%clk 1:33:15]} e5 {[%clk 1:31:55]} 8.
dxe5 {[%clk 1:32:56]} dxe5 {[%clk 1:31:34]} 9. Bg5 {[%clk 1:33:10]} Be6 {[%clk
1:30:48]} 10. Qa4 {[%clk 1:33:18]} Qc8 {[%clk 1:29:40]} 11. Rfd1 {[%clk 1:27:04]}
Nd7 {[%clk 1:26:09]} 12. Nd5 {[%clk 1:17:12]} Nb6 {[%clk 1:24:51]} 13. Qc2 {[%clk
1:09:46]} f6 {[%clk 1:22:30]} 14. Be3 {[%clk 1:07:16]} Rf7 {[%clk 1:21:07]} 15.
Nd2 {[%clk 1:01:53]} f5 {[%clk 1:14:42]} 16. Nb3 {[%clk 0:59:08]} Nd7 {[%clk
1:06:13]} 17. Qd2 {[%clk 0:53:59]} e4 {[%clk 0:59:22]} 18. Rac1 {[%clk 0:50:01]}
a5 {[%clk 0:40:38]} 19. f3 {[%clk 0:47:05]} exf3 {[%clk 0:36:56]} 20. exf3 {[%clk
0:44:44]} a4 {[%clk 0:16:26]} 21. Nd4 {[%clk 0:44:46]} Bxd5 {[%clk 0:14:42]} 22.
cxd5 {[%clk 0:45:06]} Nxd4 {[%clk 0:15:07]} 23. Bxd4 {[%clk 0:45:31]} Bxd4+
{[%clk 0:15:30]} 24. Qxd4 {[%clk 0:45:57]} Nf6 {[%clk 0:15:53]} 25. d6 {[%clk
0:19:15]} c6 {[%clk 0:16:10]} 26. Bf1 {[%clk 0:19:38]} Kg7 {[%clk 0:13:14]} 27.
Bc4 {[%clk 0:20:01]} Rf8 {[%clk 0:13:04]} 28. Re1 {[%clk 0:08:14]} Re8 {[%clk
0:12:18]} 29. Re7+ {[%clk 0:08:41]} Rxe7 {[%clk 0:12:40]} 30. dxe7 {[%clk
0:09:10]} Qe8 {[%clk 0:12:45]} 31. Re1 {[%clk 0:09:23]} c5 {[%clk 0:10:49]} 32.
Qxc5 {[%clk 0:06:30]} Qc6 {[%clk 0:02:46]} 33. Qd4 {[%clk 0:06:09]} b6 {[%clk
0:02:23]} 34. Bd5 {[%clk 0:03:59]} Qxd5 {[%clk 0:00:44]} 35. Qxd5 {[%clk
0:04:24]} Nxd5 {[%clk 0:01:10]} 36. e8Q {[%clk 0:04:50]} Rxe8 {[%clk 0:01:31]}
37. Rxe8 {[%clk 0:05:15]} Nb4 {[%clk 0:01:46]} 38. Rb8 {[%clk 0:04:58]} Nxa2
{[%clk 0:01:56]} 39. Rxb6 {[%clk 0:05:23]} Nc1 {[%clk 0:02:19]} 40. Rb7+ {[%clk
0:35:44]} 1-0

[Event "Baku Chess Olympiad | Open"]
[Site "chess24.com"]
[Date "2016.09.06"]
[Round "5"]
[White "Bravo, William"]
[Black "Lukey, Stephen G"]
[Result "1-0"]
[Board "4"]
[WhiteID "6100406"]
[WhiteElo "2194"]
[WhiteTitle "FM"]
[WhiteCountry "NCA"]
[WhiteFideId "6100406"]
[WhiteEloChange "11"]
[BlackID "4300386"]
[BlackElo "2217"]
[BlackTitle "FM"]
[BlackCountry "NZL"]
[BlackFideId "4300386"]
[BlackEloChange "-11"]

1. d4 {[%clk 1:30:57]} Nf6 {[%clk 1:30:55]} 2. c4 {[%clk 1:31:23]} g6 {[%clk
1:31:22]} 3. Nc3 {[%clk 1:31:48]} Bg7 {[%clk 1:31:49]} 4. e4 {[%clk 1:32:04]} d6
{[%clk 1:32:15]} 5. Nf3 {[%clk 1:32:28]} O-O {[%clk 1:32:38]} 6. Be2 {[%clk
1:32:52]} e5 {[%clk 1:32:46]} 7. d5 {[%clk 1:33:13]} Na6 {[%clk 1:32:50]} 8. Qc2
{[%clk 1:30:40]} Nb4 {[%clk 1:26:11]} 9. Qb1 {[%clk 1:28:11]} c5 {[%clk 1:16:55]}
10. a3 {[%clk 1:23:20]} Na6 {[%clk 1:17:20]} 11. O-O {[%clk 1:23:28]} Nh5 {[%clk
1:13:10]} 12. Bg5 {[%clk 1:08:10]} f6 {[%clk 1:12:26]} 13. Be3 {[%clk 1:06:04]}
f5 {[%clk 1:10:37]} 14. Bg5 {[%clk 1:03:18]} Bf6 {[%clk 1:08:10]} 15. Bxf6 {[%clk
1:03:00]} Qxf6 {[%clk 1:01:47]} 16. exf5 {[%clk 0:44:58]} Bxf5 {[%clk 1:00:41]}
17. Bd3 {[%clk 0:44:37]} Nf4 {[%clk 0:55:43]} 18. Bxf5 {[%clk 0:44:48]} gxf5
{[%clk 0:55:32]} 19. g3 {[%clk 0:41:12]} Ng6 {[%clk 0:55:23]} 20. Qc1 {[%clk
0:34:12]} e4 {[%clk 0:51:28]} 21. Ng5 {[%clk 0:32:37]} Ne5 {[%clk 0:51:36]} 22.
Ne6 {[%clk 0:26:40]} Nf3+ {[%clk 0:45:07]} 23. Kg2 {[%clk 0:19:31]} Kh8 {[%clk
0:18:44]} 24. Qf4 {[%clk 0:16:06]} Rf7 {[%clk 0:18:47]} 25. Nb5 {[%clk 0:13:12]}
Rg8 {[%clk 0:16:46]} 26. Nxd6 {[%clk 0:10:34]} Rg4 {[%clk 0:07:23]} 27. Nxf7+
{[%clk 0:08:27]} Qxf7 {[%clk 0:07:47]} 28. Qh6 {[%clk 0:04:30]} Kg8 {[%clk
0:07:33]} 29. Rad1 {[%clk 0:04:13]} Rg6 {[%clk 0:07:07]} 30. Qf4 {[%clk 0:04:18]}
h5 {[%clk 0:06:11]} 31. h3 {[%clk 0:03:57]} Kh7 {[%clk 0:04:56]} 32. Qd6 {[%clk
0:04:06]} Rg8 {[%clk 0:03:16]} 33. Nf4 {[%clk 0:02:25]} Nc7 {[%clk 0:01:42]} 34.
Qxc5 {[%clk 0:02:13]} h4 {[%clk 0:01:57]} 35. d6 {[%clk 0:02:19]} Ne6 {[%clk
0:01:22]} 36. Nxe6 {[%clk 0:02:20]} hxg3 {[%clk 0:01:08]} 37. fxg3 {[%clk
0:01:55]} Qxe6 {[%clk 0:01:29]} 38. Qc7+ {[%clk 0:01:55]} Rg7 {[%clk 0:00:40]}
39. Qxg7+ {[%clk 0:00:52]} Kxg7 {[%clk 0:01:06]} 40. d7 {[%clk 0:31:18]} Qb6
{[%clk 0:30:37]} 41. d8Q {[%clk 0:31:22]} 1-0

[Event "Baku Chess Olympiad | Open"]
[Site "chess24.com"]
[Date "2016.09.06"]
[Round "5"]
[White "Juarez Flores, Carlos A."]
[Black "Teerapabpaisit, Wisuwat"]
[Result "1-0"]
[Board "2"]
[WhiteID "7300018"]
[WhiteElo "2392"]
[WhiteTitle "IM"]
[WhiteCountry "GUA"]
[WhiteFideId "7300018"]
[WhiteEloChange "6"]
[BlackID "6200176"]
[BlackElo "2248"]
[BlackTitle "FM"]
[BlackCountry "THA"]
[BlackFideId "6200176"]
[BlackEloChange "-6"]

1. e4 {[%clk 1:30:56]} c5 {[%clk 1:30:59]} 2. Nf3 {[%clk 1:31:19]} e6 {[%clk
1:31:28]} 3. d4 {[%clk 1:31:44]} cxd4 {[%clk 1:31:54]} 4. Nxd4 {[%clk 1:32:10]}
a6 {[%clk 1:32:21]} 5. c4 {[%clk 1:31:54]} Nf6 {[%clk 1:32:10]} 6. Nc3 {[%clk
1:32:20]} Qc7 {[%clk 1:32:11]} 7. a3 {[%clk 1:32:09]} Nc6 {[%clk 1:32:04]} 8. Be3
{[%clk 1:32:02]} d6 {[%clk 1:25:49]} 9. Be2 {[%clk 1:32:17]} Be7 {[%clk 1:19:38]}
10. O-O {[%clk 1:32:34]} O-O {[%clk 1:19:55]} 11. b4 {[%clk 1:31:00]} Bd7 {[%clk
1:04:17]} 12. Rc1 {[%clk 1:31:23]} Rfd8 {[%clk 0:57:33]} 13. Nd5 {[%clk 1:26:48]}
exd5 {[%clk 0:55:43]} 14. cxd5 {[%clk 1:27:14]} Nxe4 {[%clk 0:52:34]} 15. dxc6
{[%clk 1:23:52]} bxc6 {[%clk 0:51:20]} 16. Qc2 {[%clk 1:23:54]} d5 {[%clk
0:49:54]} 17. Bd3 {[%clk 1:21:56]} a5 {[%clk 0:42:00]} 18. Bxe4 {[%clk 1:17:37]}
dxe4 {[%clk 0:42:17]} 19. Qxe4 {[%clk 1:17:52]} Re8 {[%clk 0:41:59]} 20. Nxc6
{[%clk 1:17:29]} Bxc6 {[%clk 0:35:30]} 21. Rxc6 {[%clk 1:17:36]} Qd7 {[%clk
0:35:02]} 22. Qc4 {[%clk 1:10:05]} Reb8 {[%clk 0:26:38]} 23. Rc7 {[%clk 0:56:52]}
Qe8 {[%clk 0:23:47]} 24. Ba7 {[%clk 0:49:14]} Rc8 {[%clk 0:20:50]} 25. b5 {[%clk
0:47:08]} Bd6 {[%clk 0:17:25]} 26. Rxc8 {[%clk 0:44:30]} Rxc8 {[%clk 0:17:44]}
27. Qa4 {[%clk 0:34:18]} Rc3 {[%clk 0:13:14]} 28. Qd4 {[%clk 0:26:23]} Be5 {[%clk
0:11:55]} 29. Re1 {[%clk 0:19:04]} Rc1 {[%clk 0:10:14]} 30. Rxc1 {[%clk 0:18:45]}
Bxd4 {[%clk 0:10:36]} 31. Bxd4 {[%clk 0:19:10]} h5 {[%clk 0:10:07]} 32. b6 {[%clk
0:18:57]} Qe4 {[%clk 0:09:49]} 33. h4 {[%clk 0:17:17]} Kh7 {[%clk 0:05:35]} 34.
Be3 {[%clk 0:17:22]} Kg6 {[%clk 0:05:24]} 35. g3 {[%clk 0:11:06]} Kf5 {[%clk
0:04:08]} 36. Kh2 {[%clk 0:09:51]} Kg4 {[%clk 0:03:39]} 37. Rc7 {[%clk 0:09:49]}
Kf3 {[%clk 0:01:20]} 38. b7 {[%clk 0:09:10]} Qb1 {[%clk 0:01:01]} 39. Rxf7+
{[%clk 0:08:53]} Ke2 {[%clk 0:01:22]} 40. Ba7 {[%clk 0:39:07]} Qe4 {[%clk
0:30:36]} 41. b8Q {[%clk 0:39:20]} 1-0

[Event "Baku Chess Olympiad | Open"]
[Site "chess24.com"]
[Date "2016.09.06"]
[Round "5"]
[White "Al Sori, Mohamed"]
[Black "Parraga, Alejandro"]
[Result "1-0"]
[Board "4"]
[WhiteID "9200711"]
[WhiteElo "2036"]
[WhiteTitle "CM"]
[WhiteCountry "LBA"]
[WhiteFideId "9200711"]
[WhiteEloChange "14"]
[BlackID "3300617"]
[BlackElo "2173"]
[BlackCountry "BOL"]
[BlackFideId "3300617"]
[BlackEloChange "-14"]

1. Nf3 {[%clk 1:30:23]} Nf6 {[%clk 1:30:07]} 2. g3 {[%clk 1:30:40]} d5 {[%clk
1:30:00]} 3. Bg2 {[%clk 1:30:37]} c6 {[%clk 1:28:24]} 4. d4 {[%clk 1:29:25]} g6
{[%clk 1:27:28]} 5. O-O {[%clk 1:28:05]} Bg7 {[%clk 1:27:52]} 6. Nbd2 {[%clk
1:26:32]} O-O {[%clk 1:26:08]} 7. Ne5 {[%clk 1:25:32]} Ng4 {[%clk 1:23:43]} 8.
Ndf3 {[%clk 1:23:06]} Nxe5 {[%clk 1:21:42]} 9. Nxe5 {[%clk 1:23:21]} f6 {[%clk
1:21:32]} 10. Nd3 {[%clk 1:16:29]} Qd6 {[%clk 1:10:31]} 11. Be3 {[%clk 1:11:10]}
Na6 {[%clk 1:04:59]} 12. Qc1 {[%clk 1:00:02]} Bf5 {[%clk 0:55:53]} 13. Bh6 {[%clk
0:50:44]} e5 {[%clk 0:48:13]} 14. Bxg7 {[%clk 0:47:15]} Kxg7 {[%clk 0:48:38]} 15.
dxe5 {[%clk 0:37:03]} fxe5 {[%clk 0:48:58]} 16. Qe3 {[%clk 0:32:35]} Rfe8 {[%clk
0:43:27]} 17. h4 {[%clk 0:27:06]} d4 {[%clk 0:32:28]} 18. Qg5 {[%clk 0:18:42]}
Qe7 {[%clk 0:24:48]} 19. e4 {[%clk 0:17:23]} Qxg5 {[%clk 0:11:24]} 20. hxg5
{[%clk 0:17:51]} Bg4 {[%clk 0:11:40]} 21. f3 {[%clk 0:17:19]} Be6 {[%clk
0:09:36]} 22. Nxe5 {[%clk 0:15:01]} Nb4 {[%clk 0:07:56]} 23. Rf2 {[%clk 0:13:18]}
Nxa2 {[%clk 0:07:24]} 24. Nd3 {[%clk 0:11:51]} b6 {[%clk 0:07:06]} 25. f4 {[%clk
0:09:03]} a5 {[%clk 0:04:46]} 26. f5 {[%clk 0:08:59]} Bc4 {[%clk 0:04:03]} 27.
f6+ {[%clk 0:07:46]} Kf8 {[%clk 0:04:00]} 28. e5 {[%clk 0:04:35]} Rac8 {[%clk
0:03:06]} 29. Bh3 {[%clk 0:04:37]} Rc7 {[%clk 0:02:44]} 30. e6 {[%clk 0:04:51]}
Bxd3 {[%clk 0:02:55]} 31. cxd3 {[%clk 0:04:59]} Nb4 {[%clk 0:02:47]} 32. Re1
{[%clk 0:02:02]} Nd5 {[%clk 0:01:00]} 33. e7+ {[%clk 0:02:16]} Nxe7 {[%clk
0:01:18]} 34. fxe7+ {[%clk 0:02:00]} Kg7 {[%clk 0:01:40]} 35. Rfe2 {[%clk
0:01:09]} b5 {[%clk 0:01:33]} 36. Bg2 {[%clk 0:00:39]} c5 {[%clk 0:01:45]} 37.
Re6 {[%clk 0:01:08]} c4 {[%clk 0:01:47]} 38. Bc6 {[%clk 0:01:08]} cxd3 {[%clk
0:00:59]} 39. Bxe8 {[%clk 0:00:39]} d2 {[%clk 0:01:21]} 40. Rf1 {[%clk 0:31:08]}
Rc1 {[%clk 0:31:21]} 41. Rf6 {[%clk 0:31:27]} d1Q {[%clk 0:30:31]} 42. Rxd1
{[%clk 0:31:52]} Rxd1+ {[%clk 0:30:55]} 43. Rf1 {[%clk 0:32:07]} 1-0

[Event "Baku Chess Olympiad | Open"]
[Site "chess24.com"]
[Date "2016.09.06"]
[Round "5"]
[White "Leon, Orlando"]
[Black "Kalugampitiya, R S"]
[Result "0-1"]
[Board "4"]
[WhiteID "6600913"]
[WhiteElo "2060"]
[WhiteCountry "PAN"]
[WhiteFideId "6600913"]
[WhiteEloChange "-9"]
[BlackID "9901124"]
[BlackElo "2107"]
[BlackCountry "SRI"]
[BlackFideId "9901124"]
[BlackEloChange "9"]

1. e4 {[%clk 1:30:56]} e5 {[%clk 1:30:42]} 2. Nf3 {[%clk 1:31:05]} Nc6 {[%clk
1:31:02]} 3. Bb5 {[%clk 1:30:56]} a6 {[%clk 1:31:18]} 4. Ba4 {[%clk 1:30:42]} Nf6
{[%clk 1:31:09]} 5. d3 {[%clk 1:29:44]} b5 {[%clk 1:30:41]} 6. Bb3 {[%clk
1:30:12]} h6 {[%clk 1:28:48]} 7. a4 {[%clk 1:27:09]} Rb8 {[%clk 1:27:54]} 8. Nc3
{[%clk 1:23:37]} Bc5 {[%clk 1:21:38]} 9. O-O {[%clk 1:22:09]} d6 {[%clk 1:21:52]}
10. axb5 {[%clk 1:22:14]} axb5 {[%clk 1:22:17]} 11. h3 {[%clk 1:22:20]} O-O
{[%clk 1:17:30]} 12. Nd5 {[%clk 1:20:24]} Nxd5 {[%clk 1:10:27]} 13. Bxd5 {[%clk
1:15:45]} Ne7 {[%clk 1:08:00]} 14. Bb3 {[%clk 1:10:54]} Ng6 {[%clk 0:59:06]} 15.
Be3 {[%clk 1:06:34]} Qf6 {[%clk 0:58:14]} 16. d4 {[%clk 1:01:16]} Bb6 {[%clk
0:56:14]} 17. c3 {[%clk 1:01:06]} Nf4 {[%clk 0:44:31]} 18. Bxf4 {[%clk 1:00:28]}
Qxf4 {[%clk 0:43:18]} 19. Re1 {[%clk 0:59:27]} Kh8 {[%clk 0:31:26]} 20. Qe2
{[%clk 0:47:32]} g5 {[%clk 0:19:23]} 21. g3 {[%clk 0:28:08]} Qf6 {[%clk 0:19:41]}
22. dxe5 {[%clk 0:28:08]} dxe5 {[%clk 0:19:34]} 23. Kg2 {[%clk 0:28:39]} g4
{[%clk 0:18:06]} 24. hxg4 {[%clk 0:27:39]} Bxg4 {[%clk 0:18:31]} 25. Rad1 {[%clk
0:27:10]} Kg7 {[%clk 0:16:58]} 26. Rd3 {[%clk 0:21:47]} c6 {[%clk 0:06:49]} 27.
Red1 {[%clk 0:21:33]} Bc5 {[%clk 0:07:09]} 28. R1d2 {[%clk 0:19:41]} Ra8 {[%clk
0:03:03]} 29. Rd1 {[%clk 0:16:29]} Ra7 {[%clk 0:02:58]} 30. Rb1 {[%clk 0:14:26]}
Re8 {[%clk 0:02:18]} 31. Qe1 {[%clk 0:11:48]} Rd7 {[%clk 0:01:15]} 32. Rbd1
{[%clk 0:10:06]} Rxd3 {[%clk 0:00:57]} 33. Rxd3 {[%clk 0:10:35]} Ra8 {[%clk
0:00:56]} 34. Nh4 {[%clk 0:02:20]} Re8 {[%clk 0:00:39]} 35. Bd1 {[%clk 0:02:18]}
Be6 {[%clk 0:00:45]} 36. Rf3 {[%clk 0:01:07]} Qg5 {[%clk 0:01:09]} 37. Bc2 {[%clk
0:00:59]} Rd8 {[%clk 0:00:48]} 38. b4 {[%clk 0:00:58]} Rd2 {[%clk 0:00:38]} 39.
Nf5+ {[%clk 0:01:00]} Kh7 {[%clk 0:00:38]} 40. bxc5 {[%clk 0:30:38]} Rxc2 {[%clk
0:31:06]} 41. Nd6 {[%clk 0:22:43]} Kg6 {[%clk 0:17:21]} 42. Qe3 {[%clk 0:10:23]}
Rc1 {[%clk 0:11:06]} 43. Qxg5+ {[%clk 0:08:31]} hxg5 {[%clk 0:11:34]} 44. Rd3
{[%clk 0:08:44]} g4 {[%clk 0:11:24]} 45. Nb7 {[%clk 0:05:32]} Kg5 {[%clk
0:05:52]} 46. Na5 {[%clk 0:03:08]} f5 {[%clk 0:01:32]} 47. Rd6 {[%clk 0:01:40]}
Ba2 {[%clk 0:01:14]} 48. Nxc6 {[%clk 0:01:14]} Bb1 {[%clk 0:00:42]} 49. Nxe5
{[%clk 0:00:47]} Bxe4+ {[%clk 0:00:54]} 50. f3 {[%clk 0:01:15]} gxf3+ {[%clk
0:00:37]} 51. Kf2 {[%clk 0:01:43]} Rc2+ {[%clk 0:00:38]} 52. Kf1 {[%clk 0:02:06]}
Rxc3 {[%clk 0:00:46]} 53. c6 {[%clk 0:01:03]} b4 {[%clk 0:01:00]} 54. Rd4 {[%clk
0:00:33]} b3 {[%clk 0:00:52]} 55. Rb4 {[%clk 0:01:01]} Rc1+ {[%clk 0:00:42]} 56.
Kf2 {[%clk 0:01:29]} Rc2+ {[%clk 0:01:00]} 57. Kf1 {[%clk 0:01:22]} b2 {[%clk
0:00:47]} 58. c7 {[%clk 0:00:57]} Rc1+ {[%clk 0:01:12]} 59. Kf2 {[%clk 0:01:22]}
b1Q {[%clk 0:01:32]} 60. Nxf3+ {[%clk 0:01:30]} Kf6 {[%clk 0:01:39]} 0-1

[Event "Baku Chess Olympiad | Open"]
[Site "chess24.com"]
[Date "2016.09.06"]
[Round "5"]
[White "Maharjan, Sajin"]
[Black "Gauci, Joseph"]
[Result "1-0"]
[Board "2"]
[WhiteID "12301906"]
[WhiteElo "2034"]
[WhiteCountry "NEP"]
[WhiteFideId "12301906"]
[WhiteEloChange "13"]
[BlackID "5600278"]
[BlackElo "2151"]
[BlackTitle "CM"]
[BlackCountry "MLT"]
[BlackFideId "5600278"]
[BlackEloChange "-13"]

1. e4 {[%clk 1:30:57]} c5 {[%clk 1:30:52]} 2. Nc3 {[%clk 1:31:24]} e6 {[%clk
1:31:09]} 3. Nf3 {[%clk 1:31:26]} a6 {[%clk 1:31:16]} 4. d4 {[%clk 1:30:25]} cxd4
{[%clk 1:31:35]} 5. Nxd4 {[%clk 1:30:49]} b5 {[%clk 1:31:59]} 6. Be3 {[%clk
1:28:04]} Bb7 {[%clk 1:31:51]} 7. f3 {[%clk 1:23:44]} d6 {[%clk 1:31:26]} 8. Qd2
{[%clk 1:22:23]} Nf6 {[%clk 1:28:38]} 9. Bd3 {[%clk 1:14:32]} Be7 {[%clk
1:28:03]} 10. a4 {[%clk 1:09:31]} b4 {[%clk 1:25:04]} 11. Nce2 {[%clk 1:09:24]}
d5 {[%clk 1:21:08]} 12. e5 {[%clk 1:02:18]} Nfd7 {[%clk 1:21:21]} 13. f4 {[%clk
1:02:10]} g6 {[%clk 1:19:06]} 14. O-O {[%clk 0:56:22]} Nc6 {[%clk 1:09:32]} 15.
Nxc6 {[%clk 0:51:18]} Bxc6 {[%clk 1:09:53]} 16. Nd4 {[%clk 0:51:31]} Bb7 {[%clk
1:07:39]} 17. Qe2 {[%clk 0:49:26]} Nc5 {[%clk 1:05:01]} 18. g4 {[%clk 0:34:04]}
Qc7 {[%clk 1:01:13]} 19. Nb3 {[%clk 0:20:16]} h5 {[%clk 0:56:03]} 20. g5 {[%clk
0:17:01]} Nxb3 {[%clk 0:54:36]} 21. cxb3 {[%clk 0:17:30]} O-O {[%clk 0:54:13]}
22. Rac1 {[%clk 0:16:56]} Qd7 {[%clk 0:54:11]} 23. Bd4 {[%clk 0:16:57]} Rfc8
{[%clk 0:52:59]} 24. h4 {[%clk 0:14:44]} Rxc1 {[%clk 0:52:37]} 25. Rxc1 {[%clk
0:15:12]} Rc8 {[%clk 0:52:33]} 26. Rc2 {[%clk 0:11:37]} Rc6 {[%clk 0:43:14]} 27.
Kf2 {[%clk 0:10:41]} Qc8 {[%clk 0:42:49]} 28. Ke3 {[%clk 0:09:23]} Bc5 {[%clk
0:41:35]} 29. Bxc5 {[%clk 0:09:30]} Rxc5 {[%clk 0:41:59]} 30. Kd4 {[%clk
0:09:57]} Rxc2 {[%clk 0:35:49]} 31. Qxc2 {[%clk 0:10:23]} Qd8 {[%clk 0:36:04]}
32. Qc5 {[%clk 0:09:11]} a5 {[%clk 0:33:13]} 33. Bb5 {[%clk 0:09:30]} Kg7 {[%clk
0:31:33]} 34. Qd6 {[%clk 0:07:43]} Qc8 {[%clk 0:30:44]} 35. Qb6 {[%clk 0:06:14]}
Qc2 {[%clk 0:28:53]} 36. Qxb7 {[%clk 0:06:05]} Qxb2+ {[%clk 0:28:29]} 37. Kc5
{[%clk 0:05:15]} Qxb3 {[%clk 0:24:07]} 38. Be8 {[%clk 0:03:38]} Qc4+ {[%clk
0:22:36]} 39. Kb6 {[%clk 0:03:33]} Qxf4 {[%clk 0:22:48]} 40. Kxa5 {[%clk
0:33:02]} Qf2 {[%clk 0:49:17]} 41. Qe7 {[%clk 0:30:58]} Kg8 {[%clk 0:41:01]} 42.
Kxb4 {[%clk 0:21:16]} Qxh4+ {[%clk 0:41:20]} 43. Kb5 {[%clk 0:19:16]} Qf2 {[%clk
0:40:37]} 44. a5 {[%clk 0:14:19]} h4 {[%clk 0:31:30]} 45. a6 {[%clk 0:13:50]} h3
{[%clk 0:31:32]} 46. a7 {[%clk 0:13:12]} h2 {[%clk 0:30:51]} 47. Bxf7+ {[%clk
0:13:27]} Qxf7 {[%clk 0:30:47]} 48. a8Q+ {[%clk 0:13:27]} 1-0